Online
Catalog

Azúcar : (Record no. 30891)

MARC details
000 -CABECERA
campo de control de longitud fija 00778nam a2200217 a 4500
001 - NÚMERO DE CONTROL
campo de control 000031399
003 - IDENTIFICADOR DEL NÚMERO DE CONTROL
campo de control DO-SdBNP
005 - FECHA Y HORA DE LA ÚLTIMA TRANSACCIÓN
campo de control 20240322185316.0
008 - DATOS DE LONGITUD FIJA--INFORMACIÓN GENERAL
campo de control de longitud fija 110620s1951 dr a 000 | spa d
040 ## - FUENTE DE LA CATALOGACIÓN
Centro catalogador/agencia de origen DO-SdBNP
Lengua de catalogación spa
Centro/agencia transcriptor BNPHU
082 #4 - NÚMERO DE LA CLASIFICACIÓN DECIMAL DEWEY
Número de clasificación 338.17361
Número de documento/Ítem O74a
Número de edición 22
100 1# - ENTRADA PRINCIPAL--NOMBRE DE PERSONA
Nombre de persona Ornes Coiscou, Germán E.,
Fechas asociadas al nombre 1919-1998
9 (RLIN) 57814
245 10 - MENCIÓN DE TÍTULO
Título Azúcar :
Resto del título el gran problema nacional y sus implicaciones; (una justa aspiración) /
Mención de responsabilidad, etc. Germán E. Ornes C.
260 ## - PUBLICACIÓN, DISTRIBUCIÓN, ETC.
Lugar de publicación, distribución, etc. Ciudad Trujillo, República Dominicana :
Nombre del editor, distribuidor, etc. Editora Del Caribe,
Fecha de publicación, distribución, etc. 1951.
300 ## - DESCRIPCIÓN FÍSICA
Extensión 94 p. :
Otras características físicas il. ;
Dimensiones 23 cm.
590 ## - NOTA LOCAL (RLIN)
Nota local Inventariado, 2019/VM
650 #4 - PUNTO DE ACCESO ADICIONAL DE MATERIA--TÉRMINO DE MATERIA
Término de materia o nombre geográfico como elemento de entrada Industria azucarera
Subdivisión geográfica República Dominicana
9 (RLIN) 8386
650 #4 - PUNTO DE ACCESO ADICIONAL DE MATERIA--TÉRMINO DE MATERIA
Término de materia o nombre geográfico como elemento de entrada Azúcar
Subdivisión general Comercio
9 (RLIN) 57815
910 ## - DATOS DE OPCIÓN DEL USUARIO (OCLC)
Datos de opción del usuario Validado. Control de calidad MFF
942 ## - ELEMENTOS DE PUNTO DE ACCESO ADICIONAL (KOHA)
Fuente del sistema de clasificación o colocación Dewey Decimal Classification
Tipo de ítem Koha Libro
Holdings
Estado de retiro Estado de pérdida Fuente del sistema de clasificación o colocación Restricciones de uso No para préstamo Código de colección Localización permanente Ubicación/localización actual Ubicación en estantería Fecha de adquisición Total de préstamos Signatura topográfica completa Código de barras Fecha visto por última vez Precio válido a partir de Tipo de ítem Koha Nota pública Número de copia
    Dewey Decimal Classification Excluido de préstamo Excluido de préstamo Raros y valiosos Biblioteca Nacional Pedro Henríquez Ureña Patrimonio Dominicano Depósito 20.06.2011   BNPHU PD-RV 338.17361 O74a 31399-10 25.06.2020 25.06.2020 Libro Perteneció a la biblioteca personal de Germán Emilio Ornes.  
    Dewey Decimal Classification Excluido de préstamo Préstamo restrigido Raros y valiosos Biblioteca Nacional Pedro Henríquez Ureña Patrimonio Dominicano Depósito 20.06.2011   BNPHU PD-RV 338.17361 O74a 31399-20 25.06.2020 25.06.2020 Libro Perteneció a la biblioteca personal de Germán Emilio Ornes. e.2
    Dewey Decimal Classification Préstamo en sala   Raros y valiosos Biblioteca Nacional Pedro Henríquez Ureña Patrimonio Dominicano Depósito 20.06.2011   BNPHU DS-RV 338.17361 O74a 31399-30 25.06.2020 25.06.2020 Libro Perteneció a la biblioteca personal de Martínez Boog. e.3
    Dewey Decimal Classification Préstamo en sala   Raros y valiosos Biblioteca Nacional Pedro Henríquez Ureña Patrimonio Dominicano Depósito 20.06.2011   BNPHU DS-RV 338.17361 O74a 31399-40 25.06.2020 25.06.2020 Libro Perteneció a la biblioteca personal de Germán Emilio Ornes. e.4
    Dewey Decimal Classification Préstamo en sala   Raros y valiosos Biblioteca Nacional Pedro Henríquez Ureña Patrimonio Dominicano Depósito 20.06.2011   BNPHU DS-RV 338.17361 O74a 31399-50 25.06.2020 25.06.2020 Libro Perteneció a la biblioteca personal de Germán Emilio Ornes. e.5

Powered by Koha